000 00484nam a22001457a 4500
999 _c113495
_d113495
005 20190806113637.0
008 190806b ||||| |||| 00| 0 eng d
040 _cPK-LaUMT
082 _aMSC 915.845
_bYOU-M
100 _aYounas Mateen = یونس متین
245 _aMala ko mala ko = (مالا کو مالا کو (سفرنامہ قازقستان /
_cby Younas Mateen = یونس متین
260 _aLahore :
_bNazmeena Publication,
_c2015
300 _a200 p.
942 _cBK